<?xml version="1.0" encoding="UTF-8"?>
<record
    xmlns:xsi="http://www.w3.org/2001/XMLSchema-instance"
    xsi:schemaLocation="http://www.loc.gov/MARC21/slim http://www.loc.gov/standards/marcxml/schema/MARC21slim.xsd"
    xmlns="http://www.loc.gov/MARC21/slim">

  <leader>03101njm a2200565Ia 4500</leader>
  <controlfield tag="001">20817</controlfield>
  <controlfield tag="003">IT-RoPAU</controlfield>
  <controlfield tag="005">20220918181123.0</controlfield>
  <controlfield tag="008">131025s9999    xx            000 0 und d</controlfield>
  <datafield tag="040" ind1=" " ind2=" ">
    <subfield code="a">IT-RoPAU</subfield>
  </datafield>
  <datafield tag="040" ind1=" " ind2=" ">
    <subfield code="c">IT-RoPAU</subfield>
  </datafield>
  <datafield tag="041" ind1=" " ind2=" ">
    <subfield code="a">ITALIANO</subfield>
  </datafield>
  <datafield tag="999" ind1=" " ind2=" ">
    <subfield code="c">99954</subfield>
    <subfield code="d">99954</subfield>
  </datafield>
  <datafield tag="999" ind1=" " ind2=" ">
    <subfield code="b">n.d.</subfield>
  </datafield>
  <datafield tag="100" ind1=" " ind2=" ">
    <subfield code="a">AA.VV.</subfield>
    <subfield code="9">794</subfield>
  </datafield>
  <datafield tag="100" ind1=" " ind2=" ">
    <subfield code="e">Autore musica</subfield>
    <subfield code="9">3840</subfield>
  </datafield>
  <datafield tag="100" ind1=" " ind2=" ">
    <subfield code="g">Codice autore musica SPICS: 12000</subfield>
    <subfield code="9">796</subfield>
  </datafield>
  <datafield tag="245" ind1=" " ind2=" ">
    <subfield code="a">Festival (Il)-Disco</subfield>
  </datafield>
  <datafield tag="250" ind1=" " ind2=" ">
    <subfield code="a">2a ed.</subfield>
  </datafield>
  <datafield tag="260" ind1=" " ind2=" ">
    <subfield code="a">MILANO</subfield>
  </datafield>
  <datafield tag="260" ind1=" " ind2=" ">
    <subfield code="b">FRATELLI FABBRI EDITORI</subfield>
    <subfield code="c">1982 [1a Ed.:1970]</subfield>
  </datafield>
  <datafield tag="300" ind1=" " ind2=" ">
    <subfield code="a">DISCO</subfield>
  </datafield>
  <datafield tag="300" ind1=" " ind2=" ">
    <subfield code="c">28 minuti (Testo:  pag.)</subfield>
  </datafield>
  <datafield tag="500" ind1=" " ind2=" ">
    <subfield code="a">La canzone italiana. La canzone napoletana. Lontananza, nostalgia, Napoli, rifiuto, baciare, avvelenare, amore, mare, sospiri, passione.</subfield>
  </datafield>
  <datafield tag="505" ind1=" " ind2=" ">
    <subfield code="a">Desiderio 'e sole [(Manlio/Gigante-Pane) (4:00)] - Lazzarella [(Pazzaglia/Modugno-Fierro) (4:00)] - Tuppe tuppe, marisci&#xE0; [(De mura/Aracri/Gigante-Paris) (3:00)] - Vurria [(Pugliese/Rendine-Gallo) (5:00)] - Sarr&#xE0; chi sa! (3:00) - Cerasella [(Pirro-Bonagura/Sciorilli-Christian) (4:00)] - Mare verde [(Marotta/Mazzocco-Milva) (4:00)] - Tu s&#xEC; 'na cosa grande [(Gigli/Modugno) (4:00)]</subfield>
  </datafield>
  <datafield tag="511" ind1=" " ind2=" ">
    <subfield code="a">Pane Tullio</subfield>
  </datafield>
  <datafield tag="511" ind1=" " ind2=" ">
    <subfield code="a">Fierro Aurelio</subfield>
  </datafield>
  <datafield tag="511" ind1=" " ind2=" ">
    <subfield code="a">Paris Maria</subfield>
  </datafield>
  <datafield tag="511" ind1=" " ind2=" ">
    <subfield code="a">Gallo Nunzio</subfield>
  </datafield>
  <datafield tag="511" ind1=" " ind2=" ">
    <subfield code="a">Villa Claudio</subfield>
  </datafield>
  <datafield tag="511" ind1=" " ind2=" ">
    <subfield code="a">Christian Gloria</subfield>
  </datafield>
  <datafield tag="511" ind1=" " ind2=" ">
    <subfield code="a">Milva (Biolcati Maria Ilva)</subfield>
  </datafield>
  <datafield tag="511" ind1=" " ind2=" ">
    <subfield code="a">Modugno Domenico</subfield>
  </datafield>
  <datafield tag="650" ind1=" " ind2=" ">
    <subfield code="a">CANZONE ITALIAN [DISCHI]</subfield>
    <subfield code="e">Codice MATERIA SPICS: 9950</subfield>
    <subfield code="9">3841</subfield>
  </datafield>
  <datafield tag="700" ind1=" " ind2=" ">
    <subfield code="a">Gigante Marcello</subfield>
    <subfield code="d">Codice autore musica SPICS: 16912</subfield>
    <subfield code="e">Autore musica</subfield>
    <subfield code="p">Desiderio 'e sole - Tuppe tuppe, marisci&#xE0;</subfield>
    <subfield code="9">3842</subfield>
  </datafield>
  <datafield tag="700" ind1=" " ind2=" ">
    <subfield code="a">Manlio Tito</subfield>
    <subfield code="d">Codice autore testo/musica SPICS: 13497</subfield>
    <subfield code="e">Autore testo/musica</subfield>
    <subfield code="p">Desiderio 'e sole</subfield>
    <subfield code="9">3843</subfield>
  </datafield>
  <datafield tag="700" ind1=" " ind2=" ">
    <subfield code="a">Modugno Domenico</subfield>
    <subfield code="d">Codice autore musica SPICS: 12142</subfield>
    <subfield code="e">Autore musica</subfield>
    <subfield code="p">Lazzarella</subfield>
    <subfield code="9">3844</subfield>
  </datafield>
  <datafield tag="700" ind1=" " ind2=" ">
    <subfield code="a">Pazzaglia</subfield>
    <subfield code="d">Codice autore testo/musica SPICS: 22761</subfield>
    <subfield code="e">Autore testo/musica</subfield>
    <subfield code="p">Lazzarella</subfield>
    <subfield code="9">3845</subfield>
  </datafield>
  <datafield tag="700" ind1=" " ind2=" ">
    <subfield code="a">Aracri</subfield>
    <subfield code="d">Codice autore SPICS: 22762</subfield>
    <subfield code="e">Autore</subfield>
    <subfield code="p">Tuppe tuppe, marisci&#xE0;</subfield>
    <subfield code="9">3846</subfield>
  </datafield>
  <datafield tag="700" ind1=" " ind2=" ">
    <subfield code="a">De Mura Ettore</subfield>
    <subfield code="d">Codice autore testo/musica SPICS: 13721</subfield>
    <subfield code="e">Autore testo/musica</subfield>
    <subfield code="p">Tuppe tuppe, marisci&#xE0;</subfield>
    <subfield code="9">3847</subfield>
  </datafield>
  <datafield tag="700" ind1=" " ind2=" ">
    <subfield code="a">Rendine Furio</subfield>
    <subfield code="d">Codice autore musica SPICS: 13629</subfield>
    <subfield code="e">Autore musica</subfield>
    <subfield code="p">Vurria</subfield>
    <subfield code="9">3848</subfield>
  </datafield>
  <datafield tag="700" ind1=" " ind2=" ">
    <subfield code="a">Pugliese</subfield>
    <subfield code="d">Codice autore testo/musica SPICS: 22763</subfield>
    <subfield code="e">Autore testo/music</subfield>
    <subfield code="p">Vurria</subfield>
    <subfield code="9">3849</subfield>
  </datafield>
  <datafield tag="700" ind1=" " ind2=" ">
    <subfield code="a">Murolo Roberto</subfield>
    <subfield code="d">Codice autore testo/musica SPICS: 13697</subfield>
    <subfield code="e">Autore testo/musica</subfield>
    <subfield code="p">Sarr&#xE0; chi sa!</subfield>
    <subfield code="9">3850</subfield>
  </datafield>
  <datafield tag="700" ind1=" " ind2=" ">
    <subfield code="a">Sciorilli Eros</subfield>
    <subfield code="d">Codice autore musica SPICS: 13521</subfield>
    <subfield code="e">Autore musica</subfield>
    <subfield code="p">Cerasella</subfield>
    <subfield code="9">3851</subfield>
  </datafield>
  <datafield tag="700" ind1=" " ind2=" ">
    <subfield code="a">Bonagura Enzo</subfield>
    <subfield code="d">Codice autore SPICS: 13478</subfield>
    <subfield code="e">Autore</subfield>
    <subfield code="p">Cerasella</subfield>
    <subfield code="9">3852</subfield>
  </datafield>
  <datafield tag="700" ind1=" " ind2=" ">
    <subfield code="a">Mattone Ugo (Pirro Ugo)</subfield>
    <subfield code="d">Codice autore testo/musica SPICS: 13129</subfield>
    <subfield code="e">Autore testo/musica</subfield>
    <subfield code="p">Cerasella</subfield>
    <subfield code="9">3853</subfield>
  </datafield>
  <datafield tag="700" ind1=" " ind2=" ">
    <subfield code="a">Mazzocco</subfield>
    <subfield code="d">Codice autore musica SPICS: 14030</subfield>
    <subfield code="e">Autore musica</subfield>
    <subfield code="p">Mare verde</subfield>
    <subfield code="9">3854</subfield>
  </datafield>
  <datafield tag="700" ind1=" " ind2=" ">
    <subfield code="a">Marotta</subfield>
    <subfield code="d">Codice autore testo/musica SPICS: 22765</subfield>
    <subfield code="e">Autore testo/musica</subfield>
    <subfield code="p">Mare verde</subfield>
    <subfield code="9">3855</subfield>
  </datafield>
  <datafield tag="700" ind1=" " ind2=" ">
    <subfield code="a">Gigli Beniamino</subfield>
    <subfield code="d">Codice autore testo/musica SPICS: 9661</subfield>
    <subfield code="e">Autore testo/musica</subfield>
    <subfield code="p">Tu s&#xEC; 'na cosa grande</subfield>
    <subfield code="9">3856</subfield>
  </datafield>
  <datafield tag="942" ind1=" " ind2=" ">
    <subfield code="c">MD</subfield>
    <subfield code="2">ddc</subfield>
  </datafield>
  <datafield tag="952" ind1=" " ind2=" ">
    <subfield code="0">0</subfield>
    <subfield code="1">0</subfield>
    <subfield code="4">0</subfield>
    <subfield code="6">20817_000000000000000</subfield>
    <subfield code="7">1</subfield>
    <subfield code="a">SPICS</subfield>
    <subfield code="b">SPICS</subfield>
    <subfield code="d">2013-10-25</subfield>
    <subfield code="l">0</subfield>
    <subfield code="o">20817</subfield>
    <subfield code="r">2013-10-25 00:00:00</subfield>
    <subfield code="w">2013-10-25</subfield>
    <subfield code="y">MD</subfield>
    <subfield code="z">Progr. Ins.: 4120 / N.Vol.: 1 / Copie: 1 - Copia rara: n.d. / date import: 01.01.2014 - By Epidotti, Trombetti, Vaglietti</subfield>
  </datafield>
</record>
